[Event "SF Brackel 3 - SV Bönen 1"]
[Site "Verbandsliga - Gruppe 2 2018/"]
[Date "2018.10.07"]
[Round "2.3"]
[White "Merz, Martin"]
[Black "Kartsev, Nikolay"]
[Result "0-1"]
[WhiteElo "2014"]
[BlackElo "2077"]
[PlyCount "78"]
[EventDate "2018.??.??"]

1. d4 Nf6 2. Nf3 e6 3. g3 b6 4. Bg2 Bb7 5. O-O d6 6. c4 Be7 7. Nc3 O-O 8. Qc2
Nbd7 9. Rd1 c5 10. d5 exd5 11. Nh4 Ne5 12. Nf5 Qd7 13. cxd5 Rfe8 14. Bg5 h6 15.
Bc1 Bf8 16. e4 Bc8 17. f4 Ng6 18. a4 a6 19. a5 b5 20. b4 cxb4 21. Na2 b3 22.
Qxb3 Nxe4 23. Nd4 Bb7 24. Nb4 Nc5 25. Qc2 Rac8 26. Ndc6 Ne7 27. Na7 Ra8 28.
Nac6 Rac8 29. Na7 Rc7 30. Nac6 Bxc6 31. dxc6 Nxc6 32. Nxc6 Rxc6 33. Bxc6 Qxc6
34. Bb2 Qf3 35. Qf2 Qb3 36. Qd4 Re2 37. Rd2 Re4 38. Qc3 Qxc3 39. Bxc3 Nb3 0-1

[Event "SF Brackel 3 - SV Bönen 1"]
[Site "Verbandsliga - Gruppe 2 2018/"]
[Date "2018.10.07"]
[Round "2.4"]
[White "Elier, Ali"]
[Black "Helmert, Jochen"]
[Result "1-0"]
[WhiteElo "1913"]
[BlackElo "1900"]
[PlyCount "74"]
[EventDate "2018.??.??"]

1. e4 d6 2. d4 Nf6 3. Nc3 g6 4. Bc4 Nxe4 5. Bxf7+ Kxf7 6. Nxe4 e6 7. Qf3+ Kg7
8. g4 d5 9. Ng5 Qf6 10. h4 Qxf3 11. N1xf3 h6 12. Nh3 Bd6 13. Ne5 c5 14. Be3
Bxe5 15. dxe5 d4 16. Bd2 Nc6 17. f4 b6 18. O-O Ba6 19. Rf2 Bc4 20. b3 Bd5 21.
Re1 Ne7 22. c3 dxc3 23. Bxc3 Rhf8 24. Kh2 a5 25. Kg3 h5 26. f5 gxf5 27. gxh5
Kh8 28. Bd2 Rad8 29. Bg5 Rd7 30. Nf4 Rg8 31. Kh2 Kh7 32. Rd2 Rg7 33. Red1 Nc6
34. Nxd5 exd5 35. h6 Rge7 36. Rxd5 Rxd5 37. Rxd5 Re6 1-0

[Event "SF Brackel 3 - SV Bönen 1"]
[Site "Verbandsliga - Gruppe 2 2018/"]
[Date "2018.10.07"]
[Round "2.5"]
[White "Schötz, Hans-Joachim"]
[Black "Wastian, Jan"]
[Result "0-1"]
[WhiteElo "1883"]
[BlackElo "1987"]
[PlyCount "50"]
[EventDate "2018.??.??"]

1. e4 c6 2. d4 d5 3. exd5 cxd5 4. Bd3 Nc6 5. c3 Qc7 6. h3 g6 7. Qf3 Nxd4 8.
Qxd5 e5 9. Bf4 Nc6 10. Bg3 Nge7 11. Qf3 Bg7 12. Nd2 O-O 13. Ne2 Kh8 14. Nd4 Qb6
15. Nc4 Nxd4 16. Qd1 Qc6 17. cxd4 Qxg2 18. Rh2 Qd5 19. Qe2 Nc6 20. Be4 Qxd4 21.
Bxc6 bxc6 22. Bxe5 Bxe5 23. Qxe5+ Qxe5+ 24. Nxe5 Re8 25. O-O-O Rxe5 0-1

[Event "SF Brackel 3 - SV Bönen 1"]
[Site "Verbandsliga - Gruppe 2 2018/"]
[Date "2018.10.07"]
[Round "2.6"]
[White "Seref, Erdogan"]
[Black "Mönkemeyer, Maik"]
[Result "1/2-1/2"]
[WhiteElo "1914"]
[BlackElo "1739"]
[PlyCount "70"]
[EventDate "2018.??.??"]

1. e4 d6 2. d4 Nf6 3. Nc3 g6 4. f3 Bg7 5. Be3 Nbd7 6. Bc4 e5 7. Qd2 Nb6 8. Bb3
Qe7 9. Nge2 Bd7 10. a4 a5 11. dxe5 dxe5 12. Nb5 Bxb5 13. axb5 Qb4 14. Qxb4 axb4
15. Rxa8+ Nxa8 16. Kf2 O-O 17. Bc5 Rc8 18. Bxb4 Bf8 19. Bxf8 Kxf8 20. Nc1 Nb6
21. Nd3 Nbd7 22. Ra1 Ne8 23. Ra4 Nd6 24. Rb4 Ra8 25. Bd5 Ra5 26. c4 Ke7 27. c5
Nxb5 28. Bxb7 f6 29. Bd5 Nd4 30. Rb7 Kd8 31. c6 Nc5 32. Rb8+ Ke7 33. Nb4 Rb5
34. Rxb5 Nxb5 35. Nc2 Nd3+ 1/2-1/2

[Event "SF Brackel 3 - SV Bönen 1"]
[Site "Verbandsliga - Gruppe 2 2018/"]
[Date "2018.10.07"]
[Round "2.7"]
[White "Wegner, Stephan"]
[Black "Kantor, Nikita"]
[Result "1/2-1/2"]
[WhiteElo "1700"]
[BlackElo "1787"]
[PlyCount "40"]
[EventDate "2018.??.??"]

1. e4 e5 2. Nf3 Nf6 3. Nc3 Bb4 4. d3 Nc6 5. Bd2 O-O 6. Be2 d5 7. a3 Bxc3 8.
Bxc3 Qe7 9. exd5 Nxd5 10. O-O Nxc3 11. bxc3 Qc5 12. c4 h6 13. Qd2 f5 14. Qc3 g5
15. Rfe1 g4 16. Nd2 Bd7 17. Nb3 Qd6 18. Na5 Nxa5 19. Qxa5 b6 20. Qd5+ Be6
1/2-1/2

[Event "SF Brackel 3 - SV Bönen 1"]
[Site "Verbandsliga - Gruppe 2 2018/"]
[Date "2018.10.07"]
[Round "2.8"]
[White "Schäde, Maximilian"]
[Black "Medger, Gernot"]
[Result "1-0"]
[WhiteElo "1841"]
[BlackElo "1813"]
[PlyCount "73"]
[EventDate "2018.??.??"]

1. d4 d6 2. Nf3 Nd7 3. c4 e5 4. Nc3 Ngf6 5. e4 c6 6. Bg5 Be7 7. Qc2 h6 8. Bh4
Nh5 9. Bxe7 Qxe7 10. O-O-O Nhf6 11. Nh4 g6 12. Qd2 a6 13. g3 b5 14. d5 b4 15.
dxc6 bxc3 16. cxd7+ Bxd7 17. Qxc3 Nxe4 18. Qf3 Qg5+ 19. Kc2 Bg4 20. Qxe4 Bxd1+
21. Kxd1 O-O 22. Bd3 Rac8 23. Qd5 Kg7 24. Kc2 Rfd8 25. b4 f5 26. Qb7+ Kg8 27.
Qd5+ Kg7 28. Rd1 Qf6 29. Ng2 Rb8 30. a3 a5 31. Qxa5 Rdc8 32. Qd5 e4 33. Be2 Rd8
34. Nf4 Rd7 35. c5 Ra7 36. Qxd6 Rxa3 37. Qc7+ 1-0

[Event "SF Buer 1 - SG-Gladbeck 1"]
[Site "Verbandsliga - Gruppe 2 2018/"]
[Date "2018.10.07"]
[Round "2.1"]
[White "Mancic, Ivan"]
[Black "GroÃŸe-Frintrop, Gerd"]
[Result "1-0"]
[WhiteElo "2179"]
[BlackElo "1988"]
[PlyCount "57"]
[EventDate "2018.??.??"]

1. d4 f5 2. Nf3 g6 3. h4 Bg7 4. h5 d5 5. Bf4 Nd7 6. e3 c6 7. c4 e6 8. Nc3 Qe7
9. Qb3 Bf6 10. hxg6 hxg6 11. Rxh8 Bxh8 12. Be2 Bf6 13. O-O-O g5 14. Bg3 Qh7 15.
Qc2 Ne7 16. Kb1 Ng6 17. cxd5 g4 18. dxe6 Nb6 19. Ne5 Bxe5 20. dxe5 Bxe6 21. Rd6
Qf7 22. Bd3 Ne7 23. e4 f4 24. Bh4 Nd7 25. Bxe7 Qxe7 26. Nd5 cxd5 27. exd5 Bg8
28. Bg6+ Kf8 29. Qf5+ 1-0

[Event "SF Buer 1 - SG-Gladbeck 1"]
[Site "Verbandsliga - Gruppe 2 2018/"]
[Date "2018.10.07"]
[Round "2.2"]
[White "Renk, Christoph"]
[Black "Frohne, Gerd"]
[Result "0-1"]
[WhiteElo "1945"]
[BlackElo "2041"]
[PlyCount "114"]
[EventDate "2018.??.??"]

1. Nf3 d5 2. g3 Nf6 3. Bg2 e6 4. d4 Be7 5. c4 O-O 6. O-O c6 7. Qc2 Nbd7 8. Nbd2
b6 9. e4 Bb7 10. e5 Ne8 11. Re1 Nc7 12. b3 c5 13. Bb2 Rc8 14. Rad1 Qe8 15. dxc5
Nxc5 16. Qb1 a5 17. cxd5 Bxd5 18. Nc4 Bxc4 19. bxc4 Qa4 20. Nd4 N7a6 21. Bf1
Rfd8 22. Nb5 Rxd1 23. Rxd1 Rd8 24. Rxd8+ Bxd8 25. Ba3 Nb4 26. Qb2 Qc2 27. Qd4
Be7 28. Bxb4 axb4 29. Na7 Qe4 30. Qd2 Qb7 31. Nb5 Nd7 32. Nd6 Qc7 33. Nb5 Qd8
34. f4 Nb8 35. Bd3 Na6 36. Qe2 Nc5 37. Bc2 Qa8 38. Qg2 Qd8 39. h4 h5 40. Kh1 g6
41. Kh2 Bf8 42. Kh3 Kg7 43. g4 hxg4+ 44. Kxg4 Kh6 45. Kh3 Be7 46. Qf2 Qa8 47.
Nd6 Qh1+ 48. Qh2 Qxh2+ 49. Kxh2 Bxd6 50. exd6 Kg7 51. Be4 f5 52. Bc6 Kf7 53.
Kg3 Nd3 54. Kf3 Nc1 55. Ke3 Nxa2 56. Kd2 Nc3 57. Kd3 Ne4 0-1

[Event "SF Buer 1 - SG-Gladbeck 1"]
[Site "Verbandsliga - Gruppe 2 2018/"]
[Date "2018.10.07"]
[Round "2.3"]
[White "Berg, Dietmar"]
[Black "Schorra, Helmut"]
[Result "0-1"]
[WhiteElo "1965"]
[BlackElo "2045"]
[PlyCount "118"]
[EventDate "2018.??.??"]

1. d4 d5 2. Nf3 Nf6 3. e3 e6 4. Bd3 c5 5. c3 Nc6 6. Nbd2 Be7 7. O-O Qc7 8. dxc5
Bxc5 9. e4 dxe4 10. Nxe4 Nxe4 11. Bxe4 h6 12. b4 Be7 13. Be3 O-O 14. Rc1 f5 15.
Bb1 Kh8 16. Qe2 e5 17. b5 e4 18. bxc6 exf3 19. Qxf3 bxc6 20. Rfd1 Ba3 21. Rc2
f4 22. Bc1 Bc5 23. Rcd2 Be6 24. Qh5 Qa5 25. Qg6 Bf5 26. Bxf5 Rxf5 27. Rd7 Rg8
28. c4 Rf6 29. Qc2 Re8 30. Bd2 Bb4 31. Bxb4 Qxb4 32. h3 f3 33. Rd8 Qe7 34. R1d7
Qe1+ 35. Kh2 fxg2 36. Kxg2 Qe6 37. Qd2 Rg6+ 38. Kh2 Rxd8 39. Rxd8+ Kh7 40. Rd4
Qe5+ 41. f4 Qf5 42. Qd3 Qf6 43. c5 Qf7 44. Qc2 Qf6 45. Qd3 Qe6 46. Qd2 Qf5 47.
Rc4 h5 48. Qf2 Kg8 49. Rd4 Re6 50. Rd8+ Kh7 51. Rd1 Re4 52. Rf1 Rc4 53. Kg1 Rc2
54. Qf3 Qxc5+ 55. Kh1 Qf5 56. a3 Rd2 57. Rd1 Rxd1+ 58. Qxd1 Qxh3+ 59. Kg1 Qg4+
0-1

[Event "SF Buer 1 - SG-Gladbeck 1"]
[Site "Verbandsliga - Gruppe 2 2018/"]
[Date "2018.10.07"]
[Round "2.4"]
[White "Wilbert, Siegfried"]
[Black "Rickert, Stefan"]
[Result "0-1"]
[WhiteElo "1970"]
[BlackElo "1903"]
[PlyCount "58"]
[EventDate "2018.??.??"]

1. d4 d5 2. Nf3 Nf6 3. Bf4 g6 4. h3 Bg7 5. e3 O-O 6. Be2 c5 7. c3 Qb6 8. Qc1
Nc6 9. Bd3 Re8 10. Nbd2 Nd7 11. O-O e5 12. dxe5 Ndxe5 13. Bc2 d4 14. exd4 Nxf3+
15. Nxf3 cxd4 16. cxd4 Nxd4 17. Nxd4 Bxd4 18. Rb1 Re2 19. Bg3 Be6 20. Qd1 Bc4
21. b3 Ba6 22. a4 Rd8 23. Qc1 Rc8 24. a5 Qf6 25. Bxg6 Rxc1 26. Bxh7+ Kxh7 27.
Rbxc1 Rb2 28. Rc4 Rxb3 29. Rxd4 Qxd4 0-1

[Event "SF Buer 1 - SG-Gladbeck 1"]
[Site "Verbandsliga - Gruppe 2 2018/"]
[Date "2018.10.07"]
[Round "2.5"]
[White "Kucheyda, Joerg"]
[Black "Andersen, Knut"]
[Result "1-0"]
[WhiteElo "1945"]
[BlackElo "1849"]
[PlyCount "63"]
[EventDate "2018.??.??"]

1. d4 Nf6 2. c4 e6 3. Nc3 Bb4 4. Qc2 c5 5. dxc5 O-O 6. Nf3 Na6 7. g3 Nxc5 8.
Bg2 Nce4 9. Bd2 Nxd2 10. Nxd2 d5 11. O-O b6 12. Rad1 Bb7 13. cxd5 Bxc3 14. Qxc3
Nxd5 15. Qe5 Qe7 16. Nb3 Rac8 17. Bxd5 Rc5 18. Nxc5 Qxc5 19. Qd4 Qxd5 20. Qxd5
Bxd5 21. b3 a5 22. Rd4 f5 23. Rc1 Kf7 24. f3 Kf6 25. Kf2 Ke5 26. e3 Rf7 27. Rc8
g5 28. Rb8 Rc7 29. Rd2 g4 30. f4+ Kf6 31. Rxb6 Rc1 32. Rxd5 1-0

[Event "SF Buer 1 - SG-Gladbeck 1"]
[Site "Verbandsliga - Gruppe 2 2018/"]
[Date "2018.10.07"]
[Round "2.6"]
[White "Seppelfricke, Guido"]
[Black "Wenzel, Martin"]
[Result "1-0"]
[WhiteElo "1898"]
[BlackElo "1943"]
[PlyCount "89"]
[EventDate "2018.??.??"]

1. e4 c6 2. d4 d5 3. exd5 cxd5 4. Nf3 Nc6 5. c3 Nf6 6. Bf4 Qb6 7. Qb3 Qxb3 8.
axb3 e6 9. Nbd2 Be7 10. Bd3 h6 11. h3 a6 12. b4 Ra7 13. O-O b5 14. Ra2 g5 15.
Be5 Rd7 16. Nb3 Nxe5 17. Nxe5 Rc7 18. Nc5 Bxc5 19. bxc5 Nd7 20. Nxd7 Kxd7 21.
b4 Rc6 22. f4 f5 23. g4 fxg4 24. fxg5 hxg5 25. hxg4 Rh3 26. Rf7+ Kd8 27. Bg6 e5
28. Bh5 Rxc3 29. Raf2 Be6 30. Ra7 Rc7 31. Rf8+ Kd7 32. Rxa6 Rc6 33. Be8+ Ke7
34. Rxc6 Kxf8 35. Rxe6 Rg3+ 36. Kf2 Rxg4 37. Rxe5 Rxd4 38. Bxb5 Rxb4 39. Be2
Rf4+ 40. Ke3 d4+ 41. Kd3 g4 42. Rg5 Ke7 43. Rxg4 Rf7 44. Rxd4 Rh7 45. c6 1-0

[Event "SF Buer 1 - SG-Gladbeck 1"]
[Site "Verbandsliga - Gruppe 2 2018/"]
[Date "2018.10.07"]
[Round "2.7"]
[White "Winzbeck, Frank"]
[Black "Kreitling, Oliver"]
[Result "1-0"]
[WhiteElo "1861"]
[BlackElo "1824"]
[PlyCount "75"]
[EventDate "2018.??.??"]

1. d4 d5 2. c4 e6 3. Nf3 Nf6 4. Nc3 Be7 5. Bg5 h6 6. Bh4 O-O 7. e3 Nbd7 8. Bd3
dxc4 9. Bxc4 b6 10. O-O Bb7 11. a4 a5 12. Qe2 Ne4 13. Bxe7 Qxe7 14. Rac1 Ndf6
15. Ne5 Qb4 16. Bb5 Nd6 17. Nc6 Qb3 18. Rfd1 Nxb5 19. Qxb5 Qxb5 20. Nxb5 Nd5
21. Nxc7 Nxc7 22. Ne7+ Kh7 23. Rxc7 Ba6 24. Rdc1 b5 25. b3 bxa4 26. bxa4 Bd3
27. h3 Rfb8 28. Nc6 Rf8 29. Rc5 Be2 30. Na7 Rfb8 31. Rxf7 Rb1+ 32. Kh2 Kg6 33.
Rcc7 Ra1 34. Rxg7+ Kf5 35. f3 Rf8 36. Nc6 Rxa4 37. g4+ Kf6 38. Ne5 1-0

[Event "SF Buer 1 - SG-Gladbeck 1"]
[Site "Verbandsliga - Gruppe 2 2018/"]
[Date "2018.10.07"]
[Round "2.8"]
[White "Herche, Niklas"]
[Black "Kasten, Jorst"]
[Result "1/2-1/2"]
[WhiteElo "1503"]
[BlackElo "1680"]
[PlyCount "34"]
[EventDate "2018.??.??"]

1. e4 c5 2. Nf3 Nc6 3. d4 cxd4 4. Nxd4 g6 5. c4 Bg7 6. Nc2 Nf6 7. Nc3 d6 8. Be2
a5 9. a3 Bd7 10. Be3 O-O 11. O-O a4 12. f4 Na5 13. Nd4 Qc8 14. Nd5 Nxd5 15.
cxd5 Nc4 16. Qc1 Nxe3 17. Qxe3 Qc5 1/2-1/2

[Event "Bochumer SV 2 - SV Recklinghausen-Süd "]
[Site "Verbandsliga - Gruppe 2 2018/"]
[Date "2018.10.07"]
[Round "2.1"]
[White "Beckmann, Klaus"]
[Black "Schneider, Bernd"]
[Result "1/2-1/2"]
[WhiteElo "2121"]
[BlackElo "2272"]
[PlyCount "49"]
[EventDate "2018.??.??"]

1. d4 g6 2. e4 Bg7 3. Nf3 d6 4. Bc4 c6 5. Bb3 Nf6 6. Qe2 e5 7. O-O Qe7 8. Re1
O-O 9. c3 h6 10. h3 Be6 11. Bc2 Nh5 12. Qd1 Na6 13. a3 c5 14. Bd3 Nc7 15. Bf1
b5 16. a4 a6 17. Be3 Rfb8 18. a5 Kh7 19. g4 Nf4 20. Bxf4 exf4 21. d5 Bd7 22. e5
Ne8 23. exd6 Qxd6 24. Bg2 Nf6 25. Ne5 1/2-1/2

[Event "Bochumer SV 2 - SV Recklinghausen-Süd "]
[Site "Verbandsliga - Gruppe 2 2018/"]
[Date "2018.10.07"]
[Round "2.2"]
[White "Heinbuch, Detlef Ulrich"]
[Black "Callenberg, Ralf"]
[Result "1-0"]
[WhiteElo "2226"]
[BlackElo "1996"]
[PlyCount "53"]
[EventDate "2018.??.??"]

1. c4 Nf6 2. Nc3 d5 3. cxd5 Nxd5 4. g3 Nxc3 5. bxc3 g6 6. Bg2 Bg7 7. Rb1 Nd7 8.
Nf3 O-O 9. O-O c5 10. Qc2 Qc7 11. d3 b6 12. Bf4 e5 13. Nxe5 Bxe5 14. Bxe5 Nxe5
15. Bxa8 Bh3 16. Bg2 Qd7 17. Rbd1 h5 18. f4 Bxg2 19. Kxg2 Ng4 20. Rf3 Qc6 21.
e4 c4 22. d4 Re8 23. d5 Qc5 24. Rd4 b5 25. Qd2 Rd8 26. e5 Nh6 27. f5 1-0

[Event "Bochumer SV 2 - SV Recklinghausen-Süd "]
[Site "Verbandsliga - Gruppe 2 2018/"]
[Date "2018.10.07"]
[Round "2.3"]
[White "Hoefker, Mathias"]
[Black "Kraemer, Matthias"]
[Result "0-1"]
[WhiteElo "2078"]
[BlackElo "2216"]
[PlyCount "150"]
[EventDate "2018.??.??"]

1. d4 Nf6 2. Nf3 d6 3. c4 g6 4. Nc3 Bf5 5. e3 Bg7 6. Bd3 Bxd3 7. Qxd3 Nbd7 8.
e4 e5 9. d5 Nc5 10. Qc2 a5 11. Be3 Qe7 12. O-O O-O 13. h3 Nfd7 14. b3 f5 15.
exf5 gxf5 16. Rae1 e4 17. Bd4 Rae8 18. Bxg7 Qxg7 19. Nh2 Ne5 20. f3 exf3 21.
Re3 f4 22. Rexf3 Nxf3+ 23. Nxf3 Qg6 24. Qb2 Qf6 25. Qd2 Ne4 26. Nxe4 Rxe4 27.
Qxa5 b6 28. Qd2 Rfe8 29. Rf2 Qa1+ 30. Rf1 Qg7 31. Rf2 R8e7 32. Qc2 Qg3 33. Qd2
Re3 34. Qc2 R7e4 35. Qd2 Qg7 36. Qc2 Qa1+ 37. Rf1 Qg7 38. Rf2 h6 39. Qd2 Qf6
40. Qc2 Kg7 41. Qd2 Kf8 42. Qc2 Ke7 43. Qd2 Kd7 44. Qc2 Kc8 45. Qd2 Kb7 46. Qc2
Qg7 47. Qd2 Qg3 48. Qc2 Qg7 49. Qd2 Qe7 50. Kf1 Qe8 51. Qd1 Qh8 52. Kg1 Qc3 53.
Qd2 Qa1+ 54. Rf1 Qg7 55. Rf2 Rc3 56. Kf1 Ree3 57. Re2 Rxe2 58. Qxe2 Rc1+ 59.
Ne1 Qd4 60. Qe8 Qc5 61. Ke2 Ra1 62. Nc2 Rxa2 63. Kd3 Ra8 64. Qd7 Rg8 65. Nd4
Rg3+ 66. Kc2 Rxg2+ 67. Kd3 Rg3+ 68. Kc2 b5 69. Qxb5+ Qxb5 70. Nxb5 Rxh3 71. Nd4
h5 72. Kd2 Re3 73. Ne2 Rxb3 74. Nxf4 h4 75. Ke2 Rc3 0-1

[Event "Bochumer SV 2 - SV Recklinghausen-Süd "]
[Site "Verbandsliga - Gruppe 2 2018/"]
[Date "2018.10.07"]
[Round "2.4"]
[White "Spiess, Timo-Christian"]
[Black "Herud, Martin"]
[Result "1-0"]
[WhiteElo "2047"]
[BlackElo "2008"]
[Annotator "Daniel"]
[PlyCount "113"]
[EventDate "2018.??.??"]

1. e4 c5 2. Nf3 d6 3. Bb5+ Nd7 4. c3 Ngf6 5. Qe2 g6 6. d4 a6 7. Bd3 Bg7 8. O-O
O-O 9. Bg5 e5 10. dxe5 Nxe5 11. Nxe5 dxe5 12. Rd1 Qc7 13. Bxf6 Bxf6 14. Bc4 Be6
15. Bxe6 fxe6 16. Nd2 b5 17. c4 Qc6 18. Nf3 Rab8 19. Rac1 Rfd8 20. Rxd8+ Rxd8
21. h3 Rd6 22. Rc2 b4 23. b3 Qd7 24. Rd2 Kf7 25. Qd1 Rxd2 26. Qxd2 Qxd2 27.
Nxd2 Bg5 28. Nf3 Kf6 29. Kf1 Bc1 30. Ke2 Bb2 31. Ne1 Bd4 32. Nd3 Kg5 33. g3 h5
34. Kf1 Kf6 $11 35. h4 g5 36. Kg2 Kg6 37. Ne1 Bc3 38. Nf3 g4 39. Nh2 Bd4 40. f3
gxf3+ 41. Kxf3 Bg1 42. Nf1 Kf6 43. g4 hxg4+ 44. Kxg4 Bf2 45. Nd2 Be3 46. Nf3
Bc1 47. Ne1 Bd2 48. Nd3 Be3 49. Kh5 Bd4 50. Kh6 Be3+ 51. Kh7 Bd4 52. Kg8 Be3
53. Kf8 a5 54. Ke8 Bf4 55. Nxc5 Be3 56. Nd7+ Kg6 57. c5 1-0

[Event "Bochumer SV 2 - SV Recklinghausen-Süd "]
[Site "Verbandsliga - Gruppe 2 2018/"]
[Date "2018.10.07"]
[Round "2.5"]
[White "Mecklenburg, Roland"]
[Black "Hinkmann, Jens"]
[Result "1/2-1/2"]
[WhiteElo "1983"]
[BlackElo "2009"]
[Annotator "Daniel"]
[PlyCount "58"]
[EventDate "2018.??.??"]

1. d4 d5 2. Nf3 Nc6 3. Bf4 Bg4 4. e3 e6 5. Nbd2 Bd6 6. Bxd6 cxd6 7. c4 dxc4 8.
Bxc4 Nge7 9. O-O O-O 10. Bd3 Nd5 11. Be4 Nf6 12. Bxc6 bxc6 13. Qa4 Bxf3 14.
Nxf3 Qd7 $11 15. Rac1 c5 16. Qa5 cxd4 17. Nxd4 Rfc8 18. Qa6 Nd5 19. Nc6 Rc7 20.
b4 Rac8 21. b5 Kf8 22. Qa3 Ne7 23. Nxe7 Kxe7 24. Rxc7 Rxc7 25. Qb2 e5 26. a4
Qf5 27. a5 Qc2 28. Qa1 Qc3 29. Qa2 Qc2 1/2-1/2

[Event "Bochumer SV 2 - SV Recklinghausen-Süd "]
[Site "Verbandsliga - Gruppe 2 2018/"]
[Date "2018.10.07"]
[Round "2.6"]
[White "Goralski, Christian"]
[Black "Hajra, Hetem"]
[Result "1-0"]
[WhiteElo "1967"]
[BlackElo "1937"]
[PlyCount "77"]
[EventDate "2018.??.??"]

1. e4 d5 2. exd5 Qxd5 3. Nc3 Qa5 4. d4 c6 5. Bc4 Nf6 6. Nf3 Bf5 7. Bd2 Qc7 8.
Ne5 e6 9. Bf4 Bd6 10. Qe2 Nbd7 11. O-O O-O 12. Rfe1 Nd5 13. Bg3 Bxe5 14. dxe5
Nxc3 15. bxc3 Qa5 16. Rad1 Nb6 17. Bd3 Qxa2 18. Bxf5 exf5 19. Qd3 Qe6 20. Bh4
h6 21. f4 Nd5 22. Qg3 Qg6 23. c4 Qxg3 24. hxg3 Nc3 25. Rd7 b5 26. Be7 Rfc8 27.
Re3 Ne4 28. g4 g6 29. gxf5 gxf5 30. g4 Kh7 31. gxf5 Rg8+ 32. Kh2 Nf2 33. Rg3 a5
34. e6 Ne4 35. Re3 Nf2 36. Re2 Ng4+ 37. Kh3 Rg7 38. f6 Rg6 39. exf7 1-0

[Event "Bochumer SV 2 - SV Recklinghausen-Süd "]
[Site "Verbandsliga - Gruppe 2 2018/"]
[Date "2018.10.07"]
[Round "2.7"]
[White "Kleiner, Tom"]
[Black "Peters, Olaf"]
[Result "1-0"]
[WhiteElo "1877"]
[BlackElo "1904"]
[PlyCount "111"]
[EventDate "2018.??.??"]

1. e4 c5 2. Nc3 Nc6 3. f4 g6 4. Nf3 Bg7 5. Be2 e6 6. d3 Nge7 7. O-O O-O 8. Be3
b6 9. d4 cxd4 10. Nxd4 Bb7 11. Bf3 d5 12. exd5 Nxd5 13. Nxd5 exd5 14. Nxc6 Bxc6
15. Bd4 Rc8 16. Bxg7 Kxg7 17. Qd4+ Qf6 18. Qxf6+ Kxf6 19. c3 Rfd8 20. Rad1 d4
21. cxd4 Bxf3 22. Rxf3 Rc4 23. d5 Kf5 24. g3 Ke4 25. Rfd3 Rd6 26. R1d2 Rc5 27.
Rd4+ Ke3 28. Kf1 Rc1+ 29. Kg2 h5 30. R4d3+ Ke4 31. Kf2 f6 32. Rd4+ Kf5 33. Ke3
Rc5 34. h3 Rc7 35. Kf3 g5 36. g4+ hxg4+ 37. hxg4+ Kg6 38. f5+ Kg7 39. Re2 Rcd7
40. Re6 Rxd5 41. Rxd5 Rxd5 42. Re7+ Kf8 43. Rxa7 Rb5 44. b3 Rb4 45. Ra4 Rb5 46.
Re4 Kf7 47. Ke3 Rd5 48. Rd4 Rb5 49. Kd3 Ke7 50. b4 Re5 51. Re4 Kd6 52. Rxe5
Kxe5 53. a4 Kf4 54. a5 bxa5 55. bxa5 Kxg4 56. a6 1-0

[Event "Bochumer SV 2 - SV Recklinghausen-Süd "]
[Site "Verbandsliga - Gruppe 2 2018/"]
[Date "2018.10.07"]
[Round "2.8"]
[White "Bautz, Volker"]
[Black "Berthy, Andreas"]
[Result "1/2-1/2"]
[WhiteElo "1834"]
[BlackElo "1572"]
[PlyCount "38"]
[EventDate "2018.??.??"]

1. d4 Nf6 2. Nc3 d5 3. Bg5 e6 4. e4 dxe4 5. Bxf6 Qxf6 6. Nxe4 Qg6 7. Ng3 Bd7 8.
Nf3 Bd6 9. Qd2 Bxg3 10. hxg3 Qe4+ 11. Be2 Bb5 12. Rh4 Qxe2+ 13. Qxe2 Bxe2 14.
Kxe2 Nd7 15. c4 h6 16. g4 O-O-O 17. g5 hxg5 18. Rxh8 Rxh8 19. Nxg5 f6 1/2-1/2

[Event "Rochade Steele/Kray 2 - DJK Wacker Berg"]
[Site "Verbandsklasse - Gruppe 1 201"]
[Date "2018.10.07"]
[Round "2.1"]
[White "Landscheidt, Heinz"]
[Black "Ophoven, Hermann"]
[Result "1/2-1/2"]
[WhiteElo "1848"]
[BlackElo "1718"]
[PlyCount "38"]
[EventDate "2018.??.??"]

1. d4 g6 2. e4 Bg7 3. Nc3 d6 4. Be3 a6 5. Qd2 b5 6. a4 b4 7. Nd5 a5 8. c3 c6 9.
Nf4 bxc3 10. bxc3 Nf6 11. f3 Nbd7 12. Bd3 Qc7 13. Ngh3 e5 14. Ne2 h6 15. O-O
Kf8 16. Nf2 Kg8 17. f4 Kh7 18. fxe5 dxe5 19. Rab1 Ba6 1/2-1/2

[Event "Rochade Steele/Kray 2 - DJK Wacker Berg"]
[Site "Verbandsklasse - Gruppe 1 201"]
[Date "2018.10.07"]
[Round "2.2"]
[White "Struschka, Andreas"]
[Black "Grodotzki, Thomas"]
[Result "1/2-1/2"]
[WhiteElo "1922"]
[BlackElo "1964"]
[PlyCount "38"]
[EventDate "2018.??.??"]

1. e4 d5 2. exd5 Nf6 3. d4 Nxd5 4. c4 Nf6 5. Nf3 Bg4 6. Be2 e6 7. Qb3 Qc8 8.
Nc3 Be7 9. Ne5 Bxe2 10. Nxe2 O-O 11. O-O c5 12. dxc5 Nbd7 13. Nxd7 Nxd7 14. Be3
Nxc5 15. Qc2 e5 16. Nc3 Ne6 17. Nd5 Re8 18. Rfd1 Bc5 19. Qf5 Bxe3 1/2-1/2

[Event "Rochade Steele/Kray 2 - DJK Wacker Berg"]
[Site "Verbandsklasse - Gruppe 1 201"]
[Date "2018.10.07"]
[Round "2.3"]
[White "Mombeck, Michael"]
[Black "Hilse, Dieter"]
[Result "1-0"]
[WhiteElo "1983"]
[BlackElo "1678"]
[PlyCount "75"]
[EventDate "2018.??.??"]

1. e4 e5 2. Nf3 Nc6 3. Bc4 Be7 4. Nc3 d6 5. h3 Nf6 6. d4 O-O 7. O-O exd4 8.
Nxd4 Nxd4 9. Qxd4 Nd7 10. Nd5 Nf6 11. Ne3 Bd7 12. Re1 Ne8 13. a4 a6 14. a5 Bf6
15. Qd1 Bc6 16. Nf5 Bd7 17. Qf3 Bxf5 18. Qxf5 g6 19. Qf3 Bg7 20. c3 Rb8 21. Be3
Kh8 22. Bd4 Bxd4 23. cxd4 Qf6 24. Qd3 Ng7 25. Rad1 c6 26. b4 Qd8 27. d5 Rc8 28.
dxc6 Rxc6 29. e5 Qc8 30. exd6 Rd8 31. d7 Qc7 32. Bxf7 Rf6 33. Re8+ Nxe8 34.
dxe8=Q+ Rxe8 35. Bxe8 Qe7 36. Bxg6 hxg6 37. Qd8+ Qxd8 38. Rxd8+ 1-0

[Event "Rochade Steele/Kray 2 - DJK Wacker Berg"]
[Site "Verbandsklasse - Gruppe 1 201"]
[Date "2018.10.07"]
[Round "2.4"]
[White "Jacob, Donald"]
[Black "Brandhorst, Dieter"]
[Result "0-1"]
[WhiteElo "1572"]
[BlackElo "1893"]
[PlyCount "126"]
[EventDate "2018.??.??"]

1. d4 Nf6 2. Bf4 d5 3. e3 c5 4. c3 Nc6 5. Nf3 Bg4 6. Nbd2 e6 7. Bd3 Bd6 8. Bxd6
Qxd6 9. Qa4 O-O 10. h3 Bh5 11. O-O c4 12. Bb1 b5 13. Qc2 Bg6 14. Qd1 b4 15.
Bxg6 hxg6 16. Qc2 Rfb8 17. Rfe1 bxc3 18. bxc3 Qa3 19. Rab1 Rb6 20. e4 Rab8 21.
e5 Nh5 22. g3 Rb2 23. Rxb2 Rxb2 24. Qc1 Qxa2 25. Qa1 Qxa1 26. Rxa1 a5 27. Rb1
Rxb1+ 28. Nxb1 f6 29. Kf1 Kf7 30. Ke2 g5 31. Na3 g6 32. Kd2 Ng7 33. g4 Ne8 34.
Nb5 Ke7 35. Kc2 fxe5 36. dxe5 Kd7 37. Nbd4 Nxd4+ 38. Nxd4 Nc7 39. Nf3 Nb5 40.
Nxg5 a4 41. Nf3 a3 42. Nd4 a2 43. Kb2 Nxc3 44. h4 Nd1+ 45. Kxa2 Nxf2 46. g5 Nd3
47. Nf3 Nf4 48. Kb2 Kc6 49. Kc3 Kd7 50. Nd4 Ke7 51. Nf3 Ne2+ 52. Kd2 Ng3 53.
Kc3 Nf5 54. Kb4 Kf7 55. Kc3 Ne7 56. Kb4 Nc6+ 57. Kc3 Ke7 58. Kd2 d4 59. Kc2
Nb4+ 60. Kb2 c3+ 61. Kb3 c2 62. Kb2 d3 63. Kc1 Na2+ 0-1

[Event "Rochade Steele/Kray 2 - DJK Wacker Berg"]
[Site "Verbandsklasse - Gruppe 1 201"]
[Date "2018.10.07"]
[Round "2.5"]
[White "Schaedlich, Andreas"]
[Black "Niemann, Walter"]
[Result "0-1"]
[WhiteElo "1881"]
[BlackElo "1714"]
[PlyCount "116"]
[EventDate "2018.??.??"]

1. e4 d5 2. exd5 Nf6 3. Bc4 Bg4 4. f3 Bc8 5. Nc3 Nbd7 6. d4 Nb6 7. Bb3 Nbxd5 8.
Nxd5 Nxd5 9. Bg5 h6 10. Bd2 e6 11. f4 Be7 12. Qf3 c6 13. Ne2 Bd7 14. O-O-O a5
15. g4 b5 16. Ng3 Bf6 17. c3 b4 18. Ne4 Be7 19. f5 bxc3 20. Nxc3 O-O 21. Bc2
Qb6 22. fxe6 Bxe6 23. Rhg1 Nxc3 24. Qxc3 c5 25. Qd3 g6 26. Bxh6 Rfb8 27. Qc3
Bf6 28. dxc5 Qxb2+ 29. Qxb2 Bxb2+ 30. Kd2 Rb4 31. h3 Rd8+ 32. Bd3 Bd4 33. Rg3
Rb2+ 34. Kc1 Rxa2 35. Bb1 Ra4 36. Rgd3 Rb4 37. Bg5 Bb2+ 38. Kc2 Rxd3 39. Rxd3
f6 40. Bd2 Rc4+ 41. Kd1 Rxc5 42. Rd6 Bb3+ 43. Ke2 Kf7 44. Be3 Re5 45. Kf2 a4
46. Rb6 Re7 47. Ba2 Bxa2 48. Rxb2 Bb3 49. Bc5 Rc7 50. Ba3 Rc3 51. Re2 Rxh3 52.
Re7+ Kg8 53. Kg2 Rd3 54. Re8+ Kg7 55. Re7+ Kh6 56. Bc1+ g5 57. Ra7 Rc3 58. Bd2
Rc2 0-1